[Event "XI. Solinger Karnevals-Open"]
[Site "Solingen"]
[Date "2020.02.21"]
[Round "1.1"]
[White "Popov, Mikhail"]
[Black "Meckel, Helmut"]
[Result "1-0"]
[WhiteElo "2421"]
[BlackElo "1841"]
[PlyCount "91"]
[EventDate "2020.02.21"]
[EventType "swiss"]
[EventRounds "5"]
[EventCountry "GER"]
[Tiebreak "Buchholz+Sum of Buchholz"]

1. e4 e6 2. d4 d5 3. Nc3 Nf6 4. Bg5 Bb4 5. e5 h6 6. Bd2 Bxc3 7. bxc3 Ne4 8. Bd3
Nxd2 9. Qxd2 c5 10. f4 Qa5 11. Nf3 cxd4 12. cxd4 Qxd2+ 13. Kxd2 Bd7 14. Rab1 b6
15. g4 g6 16. h4 h5 17. gxh5 Rxh5 18. Rbg1 Ke7 19. Rg5 Rxg5 20. hxg5 Nc6 21. c3
Na5 22. Rh7 Rg8 23. Nh2 Nc4+ 24. Bxc4 dxc4 25. Ng4 Rd8 26. Nh6 Be8 27. Rh8 Kd7
28. Ke3 b5 29. Ng8 a5 30. a3 Kc7 31. Rh7 Kb6 32. Nf6 Bc6 33. Rxf7 b4 34. cxb4
axb4 35. axb4 Kb5 36. d5 Bxd5 37. Nxd5 Rxd5 38. Rb7+ Kc6 39. Re7 Kb5 40. Rxe6
Kxb4 41. Rxg6 c3 42. Rc6 Kb3 43. g6 Rd7 44. f5 c2 45. f6 Kb2 46. g7 1-0

[Event "XI. Solinger Karnevals-Open"]
[Site "Solingen"]
[Date "2020.02.21"]
[Round "1.2"]
[White "Boghossian, Wahe"]
[Black "Grabowski, Pawel"]
[Result "0-1"]
[WhiteElo "1835"]
[BlackElo "2305"]
[PlyCount "74"]
[EventDate "2020.02.21"]
[EventType "swiss"]
[EventRounds "5"]
[EventCountry "GER"]
[Tiebreak "Buchholz+Sum of Buchholz"]

1. e4 e5 2. Nf3 Nc6 3. Bc4 g6 4. d3 Bg7 5. Nc3 d6 6. Bg5 Qd7 7. Qd2 Na5 8. Bb5
Nc6 9. Nd5 h6 10. Be3 a6 11. Ba4 Nge7 12. c4 Qd8 13. Rc1 Bd7 14. c5 Nxd5 15.
exd5 Ne7 16. cxd6 cxd6 17. Bb3 Nf5 18. Qb4 b5 19. a3 O-O 20. O-O Nxe3 21. fxe3
Qb6 22. Kh1 a5 23. Qd2 Rab8 24. e4 a4 25. Ba2 b4 26. Bc4 Kh7 27. Rf2 bxa3 28.
bxa3 Qc5 29. Qa2 Rb6 30. Rfc2 Rfb8 31. Qa1 Bg4 32. Qc3 Bxf3 33. gxf3 Qe3 34.
Kg2 Rb1 35. h3 R8b2 36. Rxb1 Rxb1 37. Rf2 Qg5+ 0-1

[Event "XI. Solinger Karnevals-Open"]
[Site "Solingen"]
[Date "2020.02.21"]
[Round "1.3"]
[White "Marcziter, Dmitrii"]
[Black "Prang, Andreas"]
[Result "1-0"]
[WhiteElo "2274"]
[BlackElo "1811"]
[PlyCount "99"]
[EventDate "2020.02.21"]
[EventType "swiss"]
[EventRounds "5"]
[EventCountry "GER"]
[Tiebreak "Buchholz+Sum of Buchholz"]

1. d4 Nf6 2. c4 c6 3. Nf3 d5 4. Qc2 g6 5. g3 Bg7 6. Bg2 O-O 7. O-O a6 8. Nbd2
Bf5 9. Qd1 Qc8 10. Re1 Rd8 11. b3 Ne4 12. Bb2 Nxd2 13. Qxd2 Bh3 14. Bh1 dxc4
15. bxc4 e5 16. d5 Qc7 17. e4 Bg4 18. Rac1 Bxf3 19. Bxf3 c5 20. Bc3 Nd7 21. a4
a5 22. Qb2 b6 23. Bg4 Nf8 24. Rb1 Rab8 25. f4 Re8 26. Rf1 f6 27. fxe5 fxe5 28.
Rf3 h5 29. Bh3 Nh7 30. Be6+ Rxe6 31. dxe6 Ng5 32. Rd3 Nxe6 33. Rd5 Nd4 34. Rf1
Re8 35. Bd2 Qc6 36. Qa2 Rb8 37. Bg5 Re8 38. Kg2 Rb8 39. Kg1 Re8 40. Be3 Rb8 41.
Kg2 Re8 42. Rf2 Rb8 43. h3 Qe6 44. Qd2 Qc6 45. Bh6 Bh8 46. Qg5 Re8 47. Kh2 Qe6
48. Rd8 Nc6 49. Rxe8+ Qxe8 50. Rf8+ 1-0

[Event "XI. Solinger Karnevals-Open"]
[Site "Solingen"]
[Date "2020.02.21"]
[Round "1.4"]
[White "Kissing, Bastian"]
[Black "Huhndorf, Arnold"]
[Result "0-1"]
[WhiteElo "1778"]
[BlackElo "2219"]
[PlyCount "82"]
[EventDate "2020.02.21"]
[EventType "swiss"]
[EventRounds "5"]
[EventCountry "GER"]
[Tiebreak "Buchholz+Sum of Buchholz"]

1. e4 c5 2. Nf3 g6 3. d4 cxd4 4. Nxd4 Nc6 5. Nc3 Bg7 6. Be3 Nf6 7. Qd2 O-O 8.
O-O-O Ng4 9. Nxc6 bxc6 10. h3 Nxe3 11. Qxe3 Qa5 12. Bc4 e6 13. Qd3 d5 14. exd5
cxd5 15. Bb3 Ba6 16. Qf3 Rac8 17. Ne2 Bc4 18. Kb1 Rc7 19. Nc1 Rfc8 20. h4 Qb5
21. c3 Bxb3 22. Nxb3 a5 23. Nd4 Bxd4 24. cxd4 Rc3 25. Rc1 Rxc1+ 26. Rxc1 Rxc1+
27. Kxc1 Qc4+ 28. Qc3 Qxa2 29. h5 Kg7 30. hxg6 hxg6 31. Kd2 a4 32. Ke3 Qb1 33.
Kf3 Qd1+ 34. Kg3 Qb3 35. Qxb3 axb3 36. Kf4 Kf6 37. Ke3 e5 38. dxe5+ Kxe5 39.
Kd3 d4 40. Kc4 Ke4 41. Kxb3 Kd3 0-1

[Event "XI. Solinger Karnevals-Open"]
[Site "Solingen"]
[Date "2020.02.21"]
[Round "1.5"]
[White "Neumair, Jerome"]
[Black "Lux, Andreas"]
[Result "1/2-1/2"]
[WhiteElo "2151"]
[BlackElo "1776"]
[PlyCount "61"]
[EventDate "2020.02.21"]
[EventType "swiss"]
[EventRounds "5"]
[EventCountry "GER"]
[Tiebreak "Buchholz+Sum of Buchholz"]

1. d4 Nf6 2. c4 g6 3. Nc3 Bg7 4. e4 d6 5. h3 e5 6. d5 O-O 7. Bg5 c5 8. g3 a6 9.
Bg2 Qc7 10. Nge2 Ne8 11. O-O f5 12. Be3 Nd7 13. Kh2 Ndf6 14. Qc2 Bd7 15. a4 b6
16. Rae1 Qc8 17. f3 Nc7 18. b3 b5 19. axb5 axb5 20. Ra1 Qb7 21. Rfb1 Nh5 22.
Rxa8 Qxa8 23. cxb5 Nxb5 24. Nxb5 Bxb5 25. Nc3 Bd7 26. g4 fxg4 27. hxg4 Nf4 28.
Ne2 Bb5 29. Nxf4 exf4 30. Bf2 Qa6 31. Qd2 1/2-1/2

[Event "XI. Solinger Karnevals-Open"]
[Site "Solingen"]
[Date "2020.02.21"]
[Round "1.6"]
[White "Fränzel, Marius"]
[Black "Moser, Axel"]
[Result "0-1"]
[WhiteElo "1768"]
[BlackElo "2137"]
[PlyCount "28"]
[EventDate "2020.02.21"]
[EventType "swiss"]
[EventRounds "5"]
[EventCountry "GER"]
[Tiebreak "Buchholz+Sum of Buchholz"]

1. e4 c5 2. c3 d5 3. exd5 Qxd5 4. d4 g6 5. Nf3 Bg7 6. Be3 cxd4 7. Bxd4 Nf6 8.
Nbd2 O-O 9. Bc4 Qf5 10. Ne5 Nc6 11. Nxc6 bxc6 12. Qf3 Qc2 13. Rb1 Bh6 14. Qd3
Bxd2+ 0-1

[Event "XI. Solinger Karnevals-Open"]
[Site "Solingen"]
[Date "2020.02.21"]
[Round "1.7"]
[White "Naundorf, Maik"]
[Black "Plum, Paul"]
[Result "1/2-1/2"]
[WhiteElo "2134"]
[BlackElo "1760"]
[PlyCount "48"]
[EventDate "2020.02.21"]
[EventType "swiss"]
[EventRounds "5"]
[EventCountry "GER"]
[Tiebreak "Buchholz+Sum of Buchholz"]

1. c4 e5 2. g3 Nf6 3. Bg2 c6 4. Nf3 e4 5. Nd4 d5 6. d3 exd3 7. cxd5 Nxd5 8.
Qxd3 Bb4+ 9. Bd2 Bxd2+ 10. Qxd2 O-O 11. O-O Na6 12. Nc3 Nxc3 13. Qxc3 Qe7 14.
e4 Nc7 15. Rfe1 Nb5 16. Nxb5 cxb5 17. Rac1 Be6 18. Qc5 Qxc5 19. Rxc5 a6 20. e5
Rab8 21. b3 b6 22. Rc2 a5 23. Bf1 b4 24. Rec1 Rfc8 1/2-1/2

[Event "XI. Solinger Karnevals-Open"]
[Site "Solingen"]
[Date "2020.02.21"]
[Round "1.8"]
[White "Reinhardt, Klaus"]
[Black "Gramb, Marius"]
[Result "0-1"]
[WhiteElo "1757"]
[BlackElo "2125"]
[PlyCount "74"]
[EventDate "2020.02.21"]
[EventType "swiss"]
[EventRounds "5"]
[EventCountry "GER"]
[Tiebreak "Buchholz+Sum of Buchholz"]

1. Nf3 c5 2. c4 Nc6 3. Nc3 g6 4. g3 Bg7 5. Bg2 e6 6. O-O Nge7 7. d3 d5 8. cxd5
exd5 9. Bf4 O-O 10. Rc1 b6 11. Qd2 Be6 12. b3 Qd7 13. Rfd1 d4 14. Na4 Rfe8 15.
Nb2 Nd5 16. Nc4 Nxf4 17. gxf4 Bd5 18. Kh1 Rad8 19. Rg1 Bh6 20. Rce1 b5 21. Nb2
Nb4 22. Nd1 Qd6 23. Ng5 f6 24. Nh3 Qe6 25. f3 Qa6 26. a4 Bxb3 27. axb5 Qxb5 28.
Qb2 Be6 29. Ndf2 a5 30. Ne4 Bg7 31. Rb1 f5 32. Nd2 Bd5 33. Bf1 a4 34. Ng5 Ra8
35. Qa3 Qb8 36. Nc4 Bxc4 37. dxc4 Re3 0-1

[Event "XI. Solinger Karnevals-Open"]
[Site "Solingen"]
[Date "2020.02.21"]
[Round "1.9"]
[White "Gallasch, Jonas"]
[Black "Vollenberg, Jörg"]
[Result "1-0"]
[WhiteElo "2076"]
[BlackElo "1757"]
[PlyCount "37"]
[EventDate "2020.02.21"]
[EventType "swiss"]
[EventRounds "5"]
[EventCountry "GER"]
[Tiebreak "Buchholz+Sum of Buchholz"]

1. d4 Nf6 2. c4 e6 3. Nf3 d5 4. Nc3 c6 5. cxd5 exd5 6. Qc2 Be7 7. Bg5 Nh5 8.
Bxe7 Qxe7 9. Nxd5 Qd6 10. Nc3 g6 11. e3 O-O 12. Bd3 Re8 13. O-O Bg4 14. Ne5 Qf8
15. Nxg4 Nd7 16. Qb3 Rab8 17. Bc4 b5 18. Bxf7+ Qxf7 19. Nh6+ 1-0

[Event "XI. Solinger Karnevals-Open"]
[Site "Solingen"]
[Date "2020.02.21"]
[Round "1.10"]
[White "Runte, Dirk"]
[Black "Flesch, Stefan"]
[Result "0-1"]
[WhiteElo "1692"]
[BlackElo "2046"]
[PlyCount "40"]
[EventDate "2020.02.21"]
[EventType "swiss"]
[EventRounds "5"]
[EventCountry "GER"]
[Tiebreak "Buchholz+Sum of Buchholz"]

1. d4 Nf6 2. c4 c5 3. d5 e5 4. dxe6 fxe6 5. Nc3 d5 6. e3 Nc6 7. Nf3 d4 8. exd4
cxd4 9. Nb5 e5 10. Qe2 Bb4+ 11. Bd2 Bxd2+ 12. Qxd2 a6 13. Na3 O-O 14. c5 Ne4
15. Qc2 Qa5+ 16. Kd1 Bf5 17. Bc4+ Kh8 18. Qe2 Qxc5 19. Rc1 d3 20. Bxd3 Nxf2+
0-1

[Event "XI. Solinger Karnevals-Open"]
[Site "Solingen"]
[Date "2020.02.21"]
[Round "1.11"]
[White "Esser, Thomas"]
[Black "Reinacher, Detlev"]
[Result "1/2-1/2"]
[WhiteElo "2045"]
[BlackElo "1676"]
[PlyCount "112"]
[EventDate "2020.02.21"]
[EventType "swiss"]
[EventRounds "5"]
[EventCountry "GER"]
[Tiebreak "Buchholz+Sum of Buchholz"]

1. d4 d6 2. Nf3 g6 3. c4 Bg7 4. Nc3 Nf6 5. e4 O-O 6. Be2 c6 7. O-O Qc7 8. Be3
Nbd7 9. Qc2 e5 10. d5 c5 11. a3 a6 12. b4 cxb4 13. axb4 Ng4 14. Bg5 f5 15. Ne1
Ndf6 16. f3 Nh6 17. Be3 fxe4 18. Nxe4 Nxe4 19. Qxe4 Nf5 20. c5 Nxe3 21. Qxe3 e4
22. Rc1 exf3 23. Nxf3 Bg4 24. Ng5 Rfe8 25. Ne6 Bxe6 26. dxe6 d5 27. Rf7 Re7 28.
Rcf1 Rf8 29. Rxf8+ Bxf8 30. Bf3 Qd8 31. Qd3 d4 32. Bd1 Bg7 33. Bb3 Qc7 34. Rf7
Rxf7 35. exf7+ Kf8 36. Qh3 h6 37. Bd5 a5 38. Qe6 Qd8 39. bxa5 d3 40. Qe8+ Qxe8
41. fxe8=Q+ Kxe8 42. Bxb7 Bd4+ 43. Kf1 Bxc5 44. Be4 g5 45. Bxd3 Ke7 46. Ke2 h5
47. Bg6 h4 48. Kd3 Kd6 49. Ke4 Ke6 50. Bh5 Bg1 51. a6 Kd6 52. Kf5 Be3 53. Bf3
Kc7 54. a7 Bxa7 55. Kxg5 Bg1 56. Kxh4 Bxh2 1/2-1/2

[Event "XI. Solinger Karnevals-Open"]
[Site "Solingen"]
[Date "2020.02.21"]
[Round "1.12"]
[White "Hapka, Luca"]
[Black "Gallasch, Robin"]
[Result "0-1"]
[WhiteElo "1674"]
[BlackElo "2040"]
[PlyCount "56"]
[EventDate "2020.02.21"]
[EventType "swiss"]
[EventRounds "5"]
[EventCountry "GER"]
[Tiebreak "Buchholz+Sum of Buchholz"]

1. e4 c6 2. d4 d5 3. exd5 cxd5 4. Nf3 Nc6 5. c3 Qc7 6. Qc2 Bg4 7. Be2 e6 8. Be3
Bd6 9. h3 Bf5 10. Bd3 Nge7 11. Nbd2 O-O 12. g4 Bxd3 13. Qxd3 Ng6 14. Ng5 e5 15.
dxe5 Bxe5 16. Qxd5 Rad8 17. Qe4 Rfe8 18. O-O-O Bxc3 19. bxc3 Rxe4 20. Ndxe4 h6
21. Rxd8+ Qxd8 22. Rd1 Qa5 23. Nf3 Qxa2 24. Nd4 Nge5 25. Rd2 Qa1+ 26. Kc2 Nc4
27. Nxc6 Nxd2 28. Kxd2 bxc6 0-1

[Event "XI. Solinger Karnevals-Open"]
[Site "Solingen"]
[Date "2020.02.21"]
[Round "1.13"]
[White "Philippe, Denis-Emmanuel"]
[Black "Zimdars, Wolfgang"]
[Result "1-0"]
[WhiteElo "2026"]
[BlackElo "1652"]
[PlyCount "101"]
[EventDate "2020.02.21"]
[EventType "swiss"]
[EventRounds "5"]
[EventCountry "GER"]
[Tiebreak "Buchholz+Sum of Buchholz"]

1. d4 d5 2. Nf3 Nf6 3. e3 e6 4. Bd3 Nbd7 5. O-O Bd6 6. Nbd2 b6 7. e4 dxe4 8.
Nxe4 Be7 9. Re1 Bb7 10. Ng3 O-O 11. Bg5 Re8 12. Qe2 Bxf3 13. Qxf3 Nf8 14. Bb5
N6d7 15. Bxe7 Qxe7 16. c3 Red8 17. Rad1 Ng6 18. Nf5 Qf8 19. Ne3 Nf6 20. g3 Rab8
21. h4 Nd5 22. Ng4 h5 23. Ne3 Nf6 24. Bd3 Ne7 25. Nc4 Ng4 26. Ne5 Nxe5 27. Rxe5
g6 28. Rde1 Qh6 29. Kg2 Rd5 30. Bc4 Rxe5 31. Rxe5 Qg7 32. Qf4 Nf5 33. d5 exd5
34. Bxd5 Nd6 35. Re7 Rc8 36. Rd7 Qf8 37. Qf6 Qg7 38. Rd8+ Rxd8 39. Qxd8+ Qf8
40. Qxc7 Nf5 41. Qxa7 Kg7 42. Qxb6 Qe7 43. Qb4 Qe5 44. Qe4 Qf6 45. Qf4 Qe7 46.
a4 Nh6 47. Qd4+ Kh7 48. a5 Nf5 49. Qe4 Qa7 50. b4 Qc7 51. c4 1-0

[Event "XI. Solinger Karnevals-Open"]
[Site "Solingen"]
[Date "2020.02.21"]
[Round "1.14"]
[White "Mukovskiy, Peter"]
[Black "Thiemonds, Uli"]
[Result "1/2-1/2"]
[WhiteElo "1649"]
[BlackElo "2025"]
[PlyCount "65"]
[EventDate "2020.02.21"]
[EventType "swiss"]
[EventRounds "5"]
[EventCountry "GER"]
[Tiebreak "Buchholz+Sum of Buchholz"]

1. d4 e6 2. c4 f5 3. Nc3 d5 4. Bf4 Nf6 5. Nf3 c6 6. e3 Bd6 7. c5 Bxf4 8. exf4
O-O 9. Bd3 Ne4 10. O-O b6 11. Na4 bxc5 12. Nxc5 Nxc5 13. dxc5 Qa5 14. Qc2 Nd7
15. Rac1 Ba6 16. Bxa6 Qxa6 17. Nd4 Rfe8 18. Rfe1 Nf8 19. a3 g6 20. Re3 Rab8 21.
Rce1 Kf7 22. b4 Qb7 23. Qe2 Qd7 24. Qa6 Rbc8 25. Nf3 Qc7 26. Ne5+ Kf6 27. Qd3
Nd7 28. Nxd7+ Qxd7 29. Qd4+ Kf7 30. Rh3 h5 31. Rhe3 Qd8 32. a4 Qf6 33. Re5
1/2-1/2

[Event "XI. Solinger Karnevals-Open"]
[Site "Solingen"]
[Date "2020.02.21"]
[Round "1.15"]
[White "Engels, Stefan"]
[Black "Beißel, Daniel"]
[Result "1-0"]
[WhiteElo "2017"]
[BlackElo "1630"]
[PlyCount "37"]
[EventDate "2020.02.21"]
[EventType "swiss"]
[EventRounds "5"]
[EventCountry "GER"]
[Tiebreak "Buchholz+Sum of Buchholz"]

1. d4 Nf6 2. c4 e6 3. Nc3 d5 4. cxd5 exd5 5. Bg5 Be7 6. e3 O-O 7. Bd3 Be6 8.
Nge2 h6 9. Bh4 g5 10. Bg3 c5 11. h4 Nbd7 12. hxg5 hxg5 13. Qc2 Bg4 14. Bf5 Bh5
15. Be5 Bxe2 16. Qxe2 Kg7 17. Qh5 Nxe5 18. Qh6+ Kg8 19. Qh8# 1-0

[Event "XI. Solinger Karnevals-Open"]
[Site "Solingen"]
[Date "2020.02.21"]
[Round "1.16"]
[White "Tanz, Manfred"]
[Black "Müdder, Melanie"]
[Result "0-1"]
[WhiteElo "1610"]
[BlackElo "2011"]
[PlyCount "48"]
[EventDate "2020.02.21"]
[EventType "swiss"]
[EventRounds "5"]
[EventCountry "GER"]
[Tiebreak "Buchholz+Sum of Buchholz"]

1. d4 Nf6 2. c4 g6 3. Nc3 d5 4. Nf3 Bg7 5. e3 O-O 6. cxd5 Nxd5 7. e4 Nxc3 8.
bxc3 c5 9. h3 Nc6 10. Bb2 Qa5 11. Qc2 cxd4 12. e5 Nxe5 13. Be2 dxc3 14. Bc1 Bf5
15. Qb3 Nxf3+ 16. gxf3 Rfd8 17. O-O Bxh3 18. Rd1 Rxd1+ 19. Qxd1 c2 20. Qxc2
Bxa1 21. Be3 Bd4 22. Bc4 Bxe3 23. Kh2 Qh5 24. fxe3 Bf5+ 0-1

[Event "XI. Solinger Karnevals-Open"]
[Site "Solingen"]
[Date "2020.02.21"]
[Round "1.17"]
[White "Müdder, Rafael"]
[Black "Rösch, Felix"]
[Result "1-0"]
[WhiteElo "1998"]
[BlackElo "1602"]
[PlyCount "61"]
[EventDate "2020.02.21"]
[EventType "swiss"]
[EventRounds "5"]
[EventCountry "GER"]
[Tiebreak "Buchholz+Sum of Buchholz"]

1. e4 e6 2. d4 d5 3. Nd2 c5 4. c3 Nc6 5. Ngf3 cxd4 6. cxd4 Bb4 7. e5 Nge7 8. a3
Ba5 9. b4 Bb6 10. Nb3 a6 11. Bd3 Ng6 12. Be3 Bd7 13. Rc1 Nh4 14. O-O Nxf3+ 15.
Qxf3 f6 16. Qh5+ Kf8 17. Qf3 f5 18. g4 g6 19. gxf5 exf5 20. Qxd5 Kg7 21. Qg2
Be6 22. Bc4 Bxc4 23. Rxc4 Qd7 24. Nc5 Bxc5 25. Rxc5 Rhd8 26. Bg5 Re8 27. Bf6+
Kg8 28. Qd5+ Qf7 29. Rfc1 Qxd5 30. Rxd5 Rab8 31. Rd7 1-0

[Event "XI. Solinger Karnevals-Open"]
[Site "Solingen"]
[Date "2020.02.21"]
[Round "1.18"]
[White "Petrovic, Julijan"]
[Black "Pauls, Wilhelm"]
[Result "0-1"]
[WhiteElo "1592"]
[BlackElo "1992"]
[PlyCount "74"]
[EventDate "2020.02.21"]
[EventType "swiss"]
[EventRounds "5"]
[EventCountry "GER"]
[Tiebreak "Buchholz+Sum of Buchholz"]

1. e4 c5 2. Nf3 Nc6 3. d4 cxd4 4. Nxd4 e5 5. Nb5 a6 6. Nd6+ Bxd6 7. Qxd6 Qf6 8.
Qd1 Qg6 9. Nc3 Nge7 10. Be3 d5 11. exd5 Nb4 12. Bd3 Bf5 13. O-O Nxd3 14. cxd3
O-O 15. Kh1 Rad8 16. Qb3 Bxd3 17. Rg1 b5 18. Bc5 Rfe8 19. Rae1 Bc4 20. Qd1 Nxd5
21. Qb1 Nxc3 22. Qxg6 hxg6 23. bxc3 Rd3 24. Bd4 b4 25. Bxe5 bxc3 26. Bxc3 Rxe1
27. Bxe1 Bxa2 28. Ba5 Rd5 29. Bb6 a5 30. Ra1 a4 31. f3 Bb3 32. Be3 Rd3 33. Bf4
a3 34. h4 a2 35. Kh2 f6 36. Kg3 Rd1 37. Bc1 Kf7 0-1

[Event "XI. Solinger Karnevals-Open"]
[Site "Solingen"]
[Date "2020.02.21"]
[Round "1.19"]
[White "Cakir, Eren"]
[Black "Scheidtmann, Kian"]
[Result "1-0"]
[WhiteElo "1985"]
[BlackElo "1551"]
[PlyCount "39"]
[EventDate "2020.02.21"]
[EventType "swiss"]
[EventRounds "5"]
[EventCountry "GER"]
[Tiebreak "Buchholz+Sum of Buchholz"]

1. Nf3 d5 2. g3 Nf6 3. Bg2 e6 4. O-O Bd6 5. d4 Nc6 6. b3 Bd7 7. Bb2 Qe7 8. Nbd2
h6 9. c4 Bb4 10. a3 Bxd2 11. Nxd2 a5 12. e4 dxc4 13. Nxc4 O-O 14. Re1 b5 15.
Ne3 Rfd8 16. d5 exd5 17. Nxd5 Qc5 18. Nxf6+ gxf6 19. Bxf6 Ne7 20. Qc1 1-0

[Event "XI. Solinger Karnevals-Open"]
[Site "Solingen"]
[Date "2020.02.21"]
[Round "1.20"]
[White "Liehs, Konstantin"]
[Black "Prieb, Robert"]
[Result "0-1"]
[WhiteElo "1533"]
[BlackElo "1975"]
[PlyCount "52"]
[EventDate "2020.02.21"]
[EventType "swiss"]
[EventRounds "5"]
[EventCountry "GER"]
[Tiebreak "Buchholz+Sum of Buchholz"]

1. d4 Nf6 2. Bf4 g6 3. Nf3 Bg7 4. e3 O-O 5. Be2 d5 6. c4 c5 7. Nc3 cxd4 8. exd4
dxc4 9. Bxc4 a6 10. a4 b6 11. O-O Bb7 12. Re1 Nc6 13. d5 Nb4 14. d6 exd6 15.
Bxd6 Nc2 16. Bxf8 Nxe1 17. Qxe1 Kxf8 18. Ne5 Qc7 19. Bxf7 Nh5 20. Bxg6 hxg6 21.
Nxg6+ Kf7 22. Nh4 Be5 23. g3 Qc6 24. f3 Bd4+ 25. Kg2 Nf4+ 26. Kh1 Qxf3+ 0-1

[Event "XI. Solinger Karnevals-Open"]
[Site "Solingen"]
[Date "2020.02.21"]
[Round "1.21"]
[White "Vranidis, Athanassios"]
[Black "Rades, Andreas"]
[Result "1/2-1/2"]
[WhiteElo "1965"]
[BlackElo "1509"]
[PlyCount "72"]
[EventDate "2020.02.21"]
[EventType "swiss"]
[EventRounds "5"]
[EventCountry "GER"]
[Tiebreak "Buchholz+Sum of Buchholz"]

1. d4 c6 2. c4 d5 3. Nf3 Nf6 4. Nc3 e6 5. e3 Nbd7 6. Qc2 Bd6 7. Bd3 dxc4 8.
Bxc4 O-O 9. O-O b5 10. Bd3 Bb7 11. e4 e5 12. dxe5 Nxe5 13. Nxe5 Bxe5 14. h3 a6
15. Be3 Rc8 16. Rad1 Bxc3 17. Qxc3 Qc7 18. Bd4 Qd8 19. Bxf6 Qxf6 20. Qxf6 gxf6
21. Bc2 Rfd8 {(=)} 22. Rxd8+ Rxd8 23. Rd1 Rxd1+ 24. Bxd1 c5 25. Bc2 Bc8 26. Kf1
Be6 27. a3 h6 28. h4 Kf8 29. Ke2 Ke7 30. Ke3 Kd6 31. Bd1 a5 32. f4 b4 33. axb4
axb4 34. g4 Bc4 35. g5 fxg5 36. fxg5 hxg5 1/2-1/2

[Event "XI. Solinger Karnevals-Open"]
[Site "Solingen"]
[Date "2020.02.21"]
[Round "1.22"]
[White "Aravindan, Midhulan"]
[Black "Borkhardt, Arndt"]
[Result "1/2-1/2"]
[WhiteElo "1491"]
[BlackElo "1954"]
[PlyCount "37"]
[EventDate "2020.02.21"]
[EventType "swiss"]
[EventRounds "5"]
[EventCountry "GER"]
[Tiebreak "Buchholz+Sum of Buchholz"]

1. e4 e5 2. Nf3 Nc6 3. Bc4 Nf6 4. d3 Be7 5. c3 O-O 6. Nbd2 d5 7. Bb5 dxe4 8.
dxe4 Bg4 9. Bxc6 bxc6 10. h3 Bh5 11. g4 Bg6 12. Nxe5 Bxe4 13. Nxe4 Qxd1+ 14.
Kxd1 Nxe4 15. Be3 Bh4 16. Rf1 f5 17. gxf5 Rxf5 18. Nxc6 Re8 19. Bxa7 1/2-1/2

[Event "XI. Solinger Karnevals-Open"]
[Site "Solingen"]
[Date "2020.02.21"]
[Round "1.23"]
[White "Müller, Adrian"]
[Black "Sebastian, Thorsten"]
[Result "1-0"]
[WhiteElo "1953"]
[BlackElo "1481"]
[PlyCount "63"]
[EventDate "2020.02.21"]
[EventType "swiss"]
[EventRounds "5"]
[EventCountry "GER"]
[Tiebreak "Buchholz+Sum of Buchholz"]

1. e4 e6 2. d4 d5 3. Nc3 Nf6 4. e5 Nfd7 5. f4 c5 6. Nf3 Nc6 7. Be3 Be7 8. Qd2
f6 9. exf6 Nxf6 10. dxc5 Nd7 11. Na4 O-O 12. Bd3 b6 13. cxb6 axb6 14. Bb5 Na5
15. Qf2 Nc4 16. Bxc4 Rxa4 17. Bb5 Ra7 18. Bxd7 Qxd7 19. O-O Ba6 20. Rfe1 Rb7
21. Ne5 Qc7 22. c3 Bd6 23. Bd4 Bb5 24. Re3 Bxe5 25. Rxe5 Qf7 26. g3 Qg6 27.
Rae1 Re7 28. Bxb6 Bd3 29. Bc5 Rfe8 30. Bxe7 Rxe7 31. f5 Bxf5 32. Rxf5 1-0

[Event "XI. Solinger Karnevals-Open"]
[Site "Solingen"]
[Date "2020.02.21"]
[Round "1.24"]
[White "Tong, Anthony"]
[Black "Kushchan, Eduard"]
[Result "0-1"]
[WhiteElo "1464"]
[BlackElo "1945"]
[PlyCount "70"]
[EventDate "2020.02.21"]
[EventType "swiss"]
[EventRounds "5"]
[EventCountry "GER"]
[Tiebreak "Buchholz+Sum of Buchholz"]

1. c4 Nf6 2. g3 g6 3. Bg2 Bg7 4. Nc3 O-O 5. e4 c5 6. Nge2 Nc6 7. O-O d6 8. d3
a6 9. a3 Rb8 10. Be3 b5 11. e5 Nxe5 12. h3 bxc4 13. dxc4 Nxc4 14. b3 Nxe3 15.
fxe3 Bb7 16. Qc2 Bxg2 17. Kxg2 Qb6 18. Rab1 Qc6+ 19. Kh2 d5 20. Rfd1 e5 21. Na2
Rfc8 22. b4 c4 23. a4 Ne4 24. Nac3 Nxc3 25. Nxc3 d4 26. exd4 exd4 27. b5 axb5
28. Nxb5 d3 29. Qf2 Qd5 30. Na7 Re8 31. Rxb8 Rxb8 32. Nb5 c3 33. Nc7 c2 34. Rf1
Qc4 35. Nb5 c1=Q 0-1

[Event "XI. Solinger Karnevals-Open"]
[Site "Solingen"]
[Date "2020.02.21"]
[Round "1.25"]
[White "Speck, Stefan"]
[Black "Pickardt, Henrik"]
[Result "1-0"]
[WhiteElo "1944"]
[BlackElo "1447"]
[PlyCount "57"]
[EventDate "2020.02.21"]
[EventType "swiss"]
[EventRounds "5"]
[EventCountry "GER"]
[Tiebreak "Buchholz+Sum of Buchholz"]

1. e4 c6 2. d4 d5 3. Nc3 dxe4 4. Nxe4 Bf5 5. Ng3 Bg6 6. N1e2 e6 7. Nf4 Bd6 8.
c3 Ne7 9. h4 h6 10. Qg4 Bxf4 11. Bxf4 Nd5 12. Be5 Nf6 13. Qf4 Nbd7 14. Bc7 Nd5
15. Bxd8 Nxf4 16. Bc7 Nd5 17. Bd6 O-O-O 18. Be2 N7b6 19. Ba3 Nf4 20. h5 Bh7 21.
Bf1 Rhe8 22. O-O-O e5 23. Rh4 g5 24. hxg6 fxg6 25. dxe5 Rxd1+ 26. Kxd1 Rd8+ 27.
Bd6 Ne6 28. Rxh6 Ng5 29. f4 1-0

[Event "XI. Solinger Karnevals-Open"]
[Site "Solingen"]
[Date "2020.02.21"]
[Round "1.26"]
[White "Liehs, Karl"]
[Black "Boschek, Hans-Joachim"]
[Result "0-1"]
[WhiteElo "1421"]
[BlackElo "1938"]
[PlyCount "66"]
[EventDate "2020.02.21"]
[EventType "swiss"]
[EventRounds "5"]
[EventCountry "GER"]
[Tiebreak "Buchholz+Sum of Buchholz"]

1. c4 e5 2. g3 Nc6 3. Bg2 g6 4. Nc3 Bg7 5. e4 Nge7 6. Nge2 d6 7. O-O O-O 8. d3
Be6 9. Nd5 Qd7 10. Re1 Rac8 11. Rb1 Nd8 12. Nxe7+ Qxe7 13. h3 Qd7 14. Kh2 c6
15. b3 d5 16. f4 f5 17. Bb2 d4 18. Bc1 fxe4 19. Bxe4 Bxh3 20. Ng1 Bg4 21. Qc2
Ne6 22. Rf1 exf4 23. Bxf4 Nxf4 24. Rxf4 Rxf4 25. gxf4 Rf8 26. Rf1 Qd6 27. Kg3
h5 28. Qc1 Bh6 29. Nh3 Bxh3 30. Kxh3 Bxf4 31. Qc2 Qe6+ 32. Kg2 Qg4+ 33. Kh1
Qh3+ 0-1

[Event "XI. Solinger Karnevals-Open"]
[Site "Solingen"]
[Date "2020.02.21"]
[Round "1.27"]
[White "Hanke, Stefan"]
[Black "Suzuki, Juliano"]
[Result "1-0"]
[WhiteElo "1929"]
[BlackElo "1416"]
[PlyCount "83"]
[EventDate "2020.02.21"]
[EventType "swiss"]
[EventRounds "5"]
[EventCountry "GER"]
[Tiebreak "Buchholz+Sum of Buchholz"]

1. d4 d5 2. c4 e6 3. Nc3 Nf6 4. cxd5 exd5 5. Bg5 c6 6. Qc2 Qb6 7. e3 Be7 8.
Bxf6 Bxf6 9. Nxd5 Qa5+ 10. Nc3 Na6 11. Qe4+ Be6 12. Bc4 Nc7 13. Nge2 Qf5 14.
Bxe6 Qxe6 15. O-O Nd5 16. Qxe6+ fxe6 17. Ne4 Kd7 18. Rfd1 Be7 19. Nc5+ Bxc5 20.
dxc5 Kc7 21. Rd2 e5 22. Rad1 Rad8 23. a3 Nf6 24. Nc3 Rxd2 25. Rxd2 b5 26. f3 a5
27. e4 Nd7 28. b4 Rd8 29. Kf2 a4 30. Ke3 Nf8 31. Rxd8 Kxd8 32. g3 g5 33. f4 Ne6
34. fxe5 Ke7 35. Ne2 Kf7 36. h4 gxh4 37. gxh4 h5 38. Nf4 Nxf4 39. Kxf4 Kg7 40.
e6 Kf6 41. e7 Kxe7 42. Ke5 1-0